| 000 | 00710cam a22002293a 4500 | ||
|---|---|---|---|
| 001 | 16377 | ||
| 003 | PGUSA | ||
| 005 | 20140828083341.0 | ||
| 008 | 050728s2005||||xxu|||||s|||||000 | eng d | ||
| 040 |
_aPGUSA _beng |
||
| 042 | _adc | ||
| 050 | 4 | _aGV | |
| 100 | 1 |
_aStaunton, Howard, _d1810-1874 |
|
| 245 | 1 | 4 |
_aThe Blue Book of Chess : _bTeaching the Rudiments of the Game, and Giving an Analysis of All the Recognized Openings _h[electronic resource] / _cHoward Staunton |
| 260 |
_bProject Gutenberg, _c2005 |
||
| 506 | _aPublic domain in the USA. | ||
| 516 | _aElectronic text | ||
| 653 | _aChess | ||
| 830 | 0 |
_aProject Gutenberg _v16377 |
|
| 856 | 4 | 0 | _uhttp://www.gutenberg.org/ebooks/16377 |
| 942 | _cEB | ||
| 999 |
_c245632 _d245632 |
||